Cross, the sword and the dollar (Record no. 368185)

000 -LEADER
fixed length control field 00556cam a22001697a 4500
008 - FIXED-LENGTH DATA ELEMENTS--GENERAL INFORMATION
fixed length control field 180718b1952 xxu||||| |||| 00| 0 eng d
082 ## - DEWEY DECIMAL CLASSIFICATION NUMBER
Classification number B5x73 H558
100 ## - MAIN ENTRY--PERSONAL NAME
Personal name Hilliard, Charles C.
245 ## - TITLE STATEMENT
Title Cross, the sword and the dollar
Statement of responsibility, etc. by Charles C. Hilliard
250 ## - EDITION STATEMENT
Edition statement 2nd ed.
260 ## - PUBLICATION, DISTRIBUTION, ETC.
Place of publication, distribution, etc. New York
Name of publisher, distributor, etc. North River Press
Date of publication, distribution, etc. 1952
300 ## - PHYSICAL DESCRIPTION
Extent 185p.
500 ## - GENERAL NOTE
General note First pub. 1951, $3.00
650 ## - SUBJECT ADDED ENTRY--TOPICAL TERM
Topical term or geographic name entry element United States --Foreign relations --1945-1953.
650 ## - SUBJECT ADDED ENTRY--TOPICAL TERM
Topical term or geographic name entry element United States --Civilization
650 ## - SUBJECT ADDED ENTRY--TOPICAL TERM
Topical term or geographic name entry element United States --Politics and government --1945-1953
Holdings
Withdrawn status Lost status Damaged status Not for loan Permanent Location Current Location Date acquired Full call number Barcode Date last seen Price effective from Koha item type
        Indian Institute of Public Administration Indian Institute of Public Administration 1994-05-19 B5x73 H558 8651 2018-07-21 2018-07-21 Book

Powered by Koha